Tile-Mosaics of the Lahore Fort/ (Record no. 34930)

MARC details
000 -LEADER
fixed length control field 00432nam a22001457a 4500
005 - DATE AND TIME OF LATEST TRANSACTION
control field 20231214162221.0
008 - FIXED-LENGTH DATA ELEMENTS--GENERAL INFORMATION
fixed length control field 231214b |||||||| |||| 00| 0 eng d
082 ## - DEWEY DECIMAL CLASSIFICATION NUMBER
Classification number 954.9143
Item number VOG-T
100 ## - MAIN ENTRY--AUTHOR
Author Name Vogel, J. Ph. (Jean Philippe)
245 ## - TITLE STATEMENT
Title Tile-Mosaics of the Lahore Fort/
Statement of responsibility, etc. Vogel, J. Ph. (Jean Philippe)
260 ## - PUBLICATION, DISTRIBUTION, ETC.
Place of Publication Pakistan
Name of publisher, distributor, etc. Pakistan Publications
Date of publication, distribution, etc. 1920
500 ## - GENERAL NOTE
General note Bibliography Given
650 ## - SUBJECT ADDED ENTRY--TOPICAL TERM
Subject / Department Architecture
952 ## - LOCATION AND ITEM INFORMATION (KOHA)
-- 0
-- 0
Holdings
Lost status Damaged status Collection code Permanent Location Current Location Shelving Location Date acquired Full Call Number Accession No./Barcode Date last seen item type Koha item type
    Architecture Superior Information Resource Center (SIRC) Superior University- Main Campus Superior Information Resource Center (SIRC) Superior University- Main Campus Architecture 12/14/2023 954.9143 VOG-T 1920 29074 12/14/2023 BOOK BOOK

Powered by Koha